مونا لیزا کی مسکراہٹ : (Record no. 107928)

MARC details
000 -LEADER
fixed length control field 00913nam a22002657a 4500
005 - DATE AND TIME OF LATEST TRANSACTION
control field 20170123162333.0
010 ## - LIBRARY OF CONGRESS CONTROL NUMBER
LC control number B-100311
020 ## - INTERNATIONAL STANDARD BOOK NUMBER
Terms of availability 150.00
035 ## - SYSTEM CONTROL NUMBER
System control number B-100311
037 ## - SOURCE OF ACQUISITION
Source of stock number/acquisition Cen Lib/Ret
040 ## - CATALOGING SOURCE
Original cataloging agency DPL
Language of cataloging UR
082 ## - DEWEY DECIMAL CLASSIFICATION NUMBER
Classification number ک
Item number ع ب د
100 ## - MAIN ENTRY--PERSONAL NAME
Personal name عبدل عزیز خان
9 (RLIN) 122630
245 ## - TITLE STATEMENT
Title مونا لیزا کی مسکراہٹ :
Statement of responsibility, etc عبدل عزیز خان
Remainder of title کہانیاں /
246 ## - VARYING FORM OF TITLE
Title proper/short title Mona Lisa Ki Muskurahut : kahaniyan /
Remainder of title by Abdul Aziz Khan
260 ## - PUBLICATION, DISTRIBUTION, ETC. (IMPRINT)
Place of publication, distribution, etc ممبئی
Name of publisher, distributor, etc خان پبلیکیشنز
Date of publication, distribution, etc 2003
270 ## - ADDRESS
Address امن بیلدنگس ای. ر. ڈی روڈ
City ممبئی
Postal code 400003
300 ## - PHYSICAL DESCRIPTION
Extent 171p.
Dimensions 21cm(Hb)
650 ## - SUBJECT ADDED ENTRY--TOPICAL TERM
Topical term or geographic name as entry element ادب - ہندی
9 (RLIN) 122631
650 ## - SUBJECT ADDED ENTRY--TOPICAL TERM
Topical term or geographic name as entry element ہندی کہانیاں
9 (RLIN) 122632
650 ## - SUBJECT ADDED ENTRY--TOPICAL TERM
Topical term or geographic name as entry element Literature -- Hindi
9 (RLIN) 83958
650 ## - SUBJECT ADDED ENTRY--TOPICAL TERM
Topical term or geographic name as entry element Hindi stories
9 (RLIN) 122633
700 ## - ADDED ENTRY--PERSONAL NAME
Personal name متل، پریم گوپال
9 (RLIN) 534
942 ## - ADDED ENTRY ELEMENTS (KOHA)
Source of classification or shelving scheme Dewey Decimal Classification
Koha item type Urdu Bks
Classification part ک
Call number suffix ع ب د
Holdings
Withdrawn status Lost status Damaged status Not for loan Home library Current library Date acquired Source of acquisition Cost, normal purchase price Total Checkouts Full call number Barcode Date last seen Date checked out Copy number Cost, replacement price Price effective from Koha item type
        Central Library Central Library 13/01/2016 Cen Lib/Ret 150.00 1 ک ع ب د B-100311 25/08/2018 11/08/2018 1 150.00 13/01/2016 Urdu Bks

© Delhi Public Library
Hit Counter
free hit counter